إسمعوا و أحزرو / (رقم التسجيلة. 103360)

تفاصيل مارك
000 -LEADER
fixed length control field 00785nam a22002537a 4500
005 - DATE AND TIME OF LATEST TRANSACTION
control field 20251108173420.0
008 - FIXED-LENGTH DATA ELEMENTS--GENERAL INFORMATION
fixed length control field 250721s2005 xx 000 0 ara d
020 ## - INTERNATIONAL STANDARD BOOK NUMBER
International Standard Book Number 9953631654
082 14 - DEWEY DECIMAL CLASSIFICATION NUMBER
Classification number ط/612.85فري
100 1# - MAIN ENTRY--PERSONAL NAME
Personal name فريجي، امل ايوب
245 10 - TITLE STATEMENT
Title إسمعوا و أحزرو /
250 ## - EDITION STATEMENT
Edition statement 2
264 1# - PRODUCTION, PUBLICATION, DISTRIBUTION, MANUFACTURE, AND COPYRIGHT NOTICE
Place of production, publication, distribution, manufacture بيروت :
Name of producer, publisher, distributor, manufacturer دار العلم للملايين،
Date of production, publication, distribution, manufacture, or copyright notice 2005.
300 ## - PHYSICAL DESCRIPTION
Extent 30ص
490 0# - SERIES STATEMENT
Series statement سلسلة نادي القراء :الحواس الخمس
Volume/sequential designation 1
650 17 - SUBJECT ADDED ENTRY--TOPICAL TERM
Topical term or geographic name as entry element القصص القصيرة
650 17 - SUBJECT ADDED ENTRY--TOPICAL TERM
Topical term or geographic name as entry element السمع
650 17 - SUBJECT ADDED ENTRY--TOPICAL TERM
Topical term or geographic name as entry element الصوت
650 17 - SUBJECT ADDED ENTRY--TOPICAL TERM
Topical term or geographic name as entry element ادب الاطفال
653 ## - INDEX TERM--UNCONTROLLED
Uncontrolled term مرحلة ما قبل المدرسة (0-5)سنة
700 1# - ADDED ENTRY--PERSONAL NAME
Personal name جوفسكي، ميشال ستند
Relator term Draft.
942 ## - ADDED ENTRY ELEMENTS (KOHA)
Source of classification or shelving scheme Dewey Decimal Classification
Koha item type كتب
المقتنيات
حالة السحب حالة الفقدان مصدر التصنيف حالة التلف غير قابل للإعارة المكتبة الرئيسية المكتبة الحالية موقع الرف تاريخ التزويد الرقم المتسلسل Total Checkouts رقم الإستدعاء الباركود تاريخ آخر ظهور تاريخ الفاتورة نوع المادة (كوها)
    Dewey Decimal Classification     مكتبة قتيبة للأطفال مكتبة قتيبة للأطفال الأطفال 28/07/2025 1058228   ط/612.85فري 1058228 28/07/2025 28/07/2025 كتب
    Dewey Decimal Classification     مكتبة أم المؤمنين للأطفال مكتبة أم المؤمنين للأطفال الأطفال 28/07/2025 1058230   ط/612.85فري 1058230 28/07/2025 28/07/2025 كتب
    Dewey Decimal Classification     مكتبة البيادر مكتبة البيادر الأطفال 28/07/2025 1058227   ط/612.85فري 1058227 28/07/2025 28/07/2025 كتب
    Dewey Decimal Classification     مكتبة عدن للأطفال مكتبة عدن للأطفال الأطفال 28/07/2025 1058229   ط/612.85فري 1058229 28/07/2025 28/07/2025 كتب
Implemented & Customized by: BBB with SCIT (Smart Chains for Information Technology)

Powered by Koha